00261nam a2200109Ia 4500008004100000100001600041245002800057250000800085260003200093300000800125650001800133191201s2003 xx 000 0 und d aSHARPE, Dwa 0aDictionary of Chemistry a1st aN.DelhibPenguin Bookc2003 a434 aGeneral Books